<?xml version="1.0" encoding="UTF-8"?>
<marc:record xmlns:marc="http://www.loc.gov/MARC21/slim">
   <marc:leader>00000nam a2200000 a 4500</marc:leader>
   <marc:datafield ind1="1" ind2=" " tag="100">
      <marc:subfield code="a">Bergmann, Wolfgang</marc:subfield>
      <marc:subfield code="4">aut</marc:subfield>
      <marc:subfield code="e">Verfasser/-in</marc:subfield>
   </marc:datafield>
   <marc:datafield ind1=" " ind2=" " tag="653">
      <marc:subfield code="a">Junge</marc:subfield>
   </marc:datafield>
   <marc:datafield ind1=" " ind2=" " tag="653">
      <marc:subfield code="a">Sozialisation</marc:subfield>
   </marc:datafield>
   <marc:datafield ind1=" " ind2=" " tag="653">
      <marc:subfield code="a">Persönlichkeitsentwicklung</marc:subfield>
   </marc:datafield>
   <marc:datafield ind1=" " ind2=" " tag="653">
      <marc:subfield code="a">Problemlösen</marc:subfield>
   </marc:datafield>
   <marc:datafield ind1=" " ind2=" " tag="653">
      <marc:subfield code="a">Alltag/Familie</marc:subfield>
   </marc:datafield>
   <marc:datafield ind1="0" ind2="0" tag="245">
      <marc:subfield code="a">Kleine Jungs - große Not</marc:subfield>
   </marc:datafield>
   <marc:datafield ind1="0" ind2="0" tag="245">
      <marc:subfield code="b">wie wir ihnen Halt geben</marc:subfield>
   </marc:datafield>
   <marc:datafield ind1="0" ind2="0" tag="245">
      <marc:subfield code="c">Wolfgang Bergmann</marc:subfield>
   </marc:datafield>
   <marc:datafield ind1=" " ind2="1" tag="264">
      <marc:subfield code="a">Weinheim</marc:subfield>
      <marc:subfield code="b">Beltz</marc:subfield>
      <marc:subfield code="c">2008</marc:subfield>
   </marc:datafield>
   <marc:datafield ind1="1" ind2=" " tag="490">
      <marc:subfield code="a">Beltz-Taschenbuch</marc:subfield>
   </marc:datafield>
   <marc:datafield ind1="1" ind2=" " tag="520">
      <marc:subfield code="a">Angaben aus der Verlagsmeldung

Kleine Jungs - große Not : Wie wir ihnen Halt geben Kleine Jungs - große Not: Wie wir ihnen Halt geben / von Wolfgang Bergmann

Der erfahrene Therapeut zeigt auf, welche Not unsere Jungen quält und warum sie sich oft in destruktivem Verhalten versteckt. Auf der schwierigen Suche nach einer männlichen Identität wissen kleine Jungs oft nicht, wo sie sich zwischen Heldentum und Verlassenheitsgefühlen festhalten können. Schwer ist es, mit
ihnen in Kontakt zu kommen, und doch sind sie letztlich sehr bereit, sich helfen zu lassen. Verlässliche Bindungen, Halt geben, Mitgefühl zeigen: Dieses Buch weist auf, wie Eltern und Erzieher Jungs zu einer stabilen Persönlichkeitsentwicklung verhelfen können.

»Behutsam und schonungslos zugleich schildert Bergmann, welche Spuren der Familien- und Schulalltag in der Psyche der Jungen hinterlässt.« DeutschlandRadio

»Bergmanns Thesen lohnen die Auseinandersetzung, weil sie so unbedingt das Kindeswohl vor Augen haben, getragen sind von echter Sorge um die Zukunft der Familie.« Berliner Morgenpost
</marc:subfield>
   </marc:datafield>
   <marc:datafield ind1=" " ind2=" " tag="020">
      <marc:subfield code="a">9783407228987</marc:subfield>
      <marc:subfield code="9">9783407228987</marc:subfield>
   </marc:datafield>
   <marc:datafield ind1=" " ind2=" " tag="041">
      <marc:subfield code="a">ger</marc:subfield>
   </marc:datafield>
   <marc:datafield ind1=" " ind2=" " tag="300">
      <marc:subfield code="a">179 S.</marc:subfield>
   </marc:datafield>
</marc:record>
